| 000 | 00375nam a2200157Ia 4500 | ||
|---|---|---|---|
| 008 | 230917s9999||||xx |||||||||||||| ||und|| | ||
| 040 |
_e57383 _aMAIN |
||
| 041 | _aEnglish | ||
| 082 | _a294.1 B651C | ||
| 100 | _aBose, Abinash Chandra | ||
| 245 | 0 | _aCall of the Vedas | |
| 250 | _a3rd. ed. | ||
| 260 |
_aBombay _bBharatiya _c1970 |
||
| 300 | _aviii, 318 p. | ||
| 942 | _cBK | ||
| 999 |
_c181125 _d181125 |
||